<?xml version="1.0" encoding="UTF-8"?>
<record
    xmlns:xsi="http://www.w3.org/2001/XMLSchema-instance"
    xsi:schemaLocation="http://www.loc.gov/MARC21/slim http://www.loc.gov/standards/marcxml/schema/MARC21slim.xsd"
    xmlns="http://www.loc.gov/MARC21/slim">

  <leader>00530cab a2200169 a 4500</leader>
  <controlfield tag="005">20230110151830.0</controlfield>
  <controlfield tag="008">151024s2009    le a   g      000 0 ara d</controlfield>
  <datafield tag="050" ind1=" " ind2="4">
    <subfield code="a">GC1441</subfield>
    <subfield code="b">.M35 2009</subfield>
  </datafield>
  <datafield tag="245" ind1="0" ind2="2">
    <subfield code="a">&#x627;&#x644;&#x645;&#x62E;&#x644;&#x648;&#x642;&#x627;&#x62A; &#x627;&#x644;&#x628;&#x62D;&#x631;&#x64A;&#x629;.</subfield>
  </datafield>
  <datafield tag="250" ind1=" " ind2=" ">
    <subfield code="a">&#x637;. 1.</subfield>
  </datafield>
  <datafield tag="260" ind1=" " ind2=" ">
    <subfield code="a">&#x637;&#x631;&#x627;&#x628;&#x644;&#x633;&#x60C; &#x644;&#x628;&#x646;&#x627;&#x646; :</subfield>
    <subfield code="b">&#x634;&#x631;&#x643;&#x629; &#x62F;&#x627;&#x631; &#x627;&#x644;&#x634;&#x645;&#x627;&#x644;&#x60C;</subfield>
    <subfield code="c">2009.</subfield>
  </datafield>
  <datafield tag="300" ind1=" " ind2=" ">
    <subfield code="a">31 &#x635;. :</subfield>
    <subfield code="b">&#x645;&#x635;&#x648;&#x631; &#x61B;</subfield>
    <subfield code="c">28 &#x633;&#x645;.</subfield>
  </datafield>
  <datafield tag="490" ind1="0" ind2=" ">
    <subfield code="a">&#x645;&#x648;&#x633;&#x648;&#x639;&#x629; &#x627;&#x644;&#x62D;&#x64A;&#x648;&#x627;&#x646;</subfield>
  </datafield>
  <datafield tag="650" ind1=" " ind2="4">
    <subfield code="a">&#x627;&#x644;&#x628;&#x64A;&#x626;&#x629; &#x627;&#x644;&#x628;&#x62D;&#x631;&#x64A;&#x629;.</subfield>
  </datafield>
  <datafield tag="650" ind1=" " ind2="4">
    <subfield code="a">&#x627;&#x644;&#x628;&#x64A;&#x626;&#x629; &#x627;&#x644;&#x645;&#x627;&#x626;&#x64A;&#x629;.</subfield>
  </datafield>
  <datafield tag="942" ind1=" " ind2=" ">
    <subfield code="2">lcc</subfield>
  </datafield>
  <datafield tag="999" ind1=" " ind2=" ">
    <subfield code="c">77283</subfield>
    <subfield code="d">77283</subfield>
  </datafield>
  <datafield tag="952" ind1=" " ind2=" ">
    <subfield code="0">0</subfield>
    <subfield code="1">0</subfield>
    <subfield code="2">lcc</subfield>
    <subfield code="4">0</subfield>
    <subfield code="7">0</subfield>
    <subfield code="a">EMN</subfield>
    <subfield code="b">EMN</subfield>
    <subfield code="d">2023-01-10</subfield>
    <subfield code="l">0</subfield>
    <subfield code="p">386241</subfield>
    <subfield code="r">2023-01-10 00:00:00</subfield>
    <subfield code="t">1</subfield>
    <subfield code="w">2023-01-10</subfield>
    <subfield code="y">BK</subfield>
    <subfield code="z">VIRTUAITEM</subfield>
  </datafield>
</record>
